| Registos Bibliográficos associados ao registo de autoridade |
|
Etiqueta de registo: 00474nam 22001571i 450 001 1276430 003 http://id.bnportugal.gov.pt/bib/catbnp/1276430 100 ## $a20020801d1621 m y0pory0103 ba 101 0# $aspa 102 ## $aBE 105 ## $ay z 000yy 106 ## $ar 200 1# $aSoliloquios o esclamaciones del alma a Dios con otros auisos y exercicios$fcompuestas por la B. Teresa de Iesus... 210 #9 $aEn Anvers$cen la casa de Cornelio Verschuren,$d1621 215 ## $a317, [3] p.$d12º (12 cm) 307 ## $aNa f. de rosto, pequena grav. com o retrato de Sta. Teresa de Jesus 307 ## $aAssin.: A-N//12, O//6 321 1# $aPalau 299167 321 1# $aPeeters-Fontainas 1269 321 1# $aIberian Books B70368 [61726] 620 ## $dAntuérpia 700 #0 $aTeresa de Jesús,$cSanta,$f1515-1582,$cO.C.D.$352199 702 #1 $aVerschueren,$bCornelis,$ffl. 1605-1620$4610$31753531 801 #0 $aPT$bBN 801 #1 $aFR$bJOUVE 856 40 $2Cópia digital disponível em Google Books$uhttps://books.google.pt/books?id=G1xcsHDEBeQC&hl=pt-PT&pg=PA1#v=onepage&q&f=false 966 ## $lBN$mFGMON$sR. 18611 P.$x0 997 ## $aBIBEOD
Etiqueta de registo: 00254nam 2200025 450 001 2284033 003 http://id.bnportugal.gov.pt/bib/catbnp/2284033 100 ## $a20260410d1616 m y0pory01030103ba 101 0# $alat 102 ## $aBE 105 ## $ay z 000yy 106 ## $ar 200 1# $aB. Humbertus, Vtus Magist. Generalis Ordinis Praedicatorum, De tribus votis Essentialibus
Religionis, aliisq[ue] virtutibus eis annexis.$cItem S. Vicentius Ferrarius... De vita Spirituali, & breui Methodo peruenie[n]di ad
perfectionem.$cItem Dialogus breuis S. Catharinae Senensis... De acquirenda vera perfectione$ein vsum Nouitiorum & quorumcumque Religiosorum 210 #9 $aAntuerpiae$capud Cornelium Verschuren,$d1616 215 ## $a298, [2] p.$d12º (13 cm) 307 ## $aAssin.: A-M//12, N//6 312 ## $aTít. corrente: Speculum Religiosorum 316 ## $aExemplar em mau estado. - Enc. em pergaminho$5PTBN: R. 1733 P. 317 ## $aPert. manuscrito na f. de guarda anterior: "Da Livraria dos II. Novicos da Cotouia,
e applicado a ella"$5PTBN: R. 1733 P. 321 ## $aSTCV 6701957 321 ## $aUSTC 1004604 321 ## $aBnF FRBNF30628088 327 11 $aCom p. de título próprias: S. Vicentius Ferrarius, Ordinis Praedicatorum, De Vita
Spirituali, & breui methodo perueniendi ad perfectionem. - p. 115-216 ; Dialogus brevis
S. Catharinae Senensis, De acquirenda vera perfectione. - p. 217-298 500 10 $aDe tribus votis essentialibus religionis 515 1# $aSpeculum Religiosorum 517 1# $aDe vita spirituali et brevi methodo perveniendi ad perfectionem 517 1# $aDe acquirenda vera perfectione 620 ## $dAntuérpia 700 #0 $aHumbert$cde Romans,$fca.1200-1277,$cO.P.$3414447 701 #0 $aVicente Ferrer,$cSanto,$f1350-1419,$cO.P.$4070$376516 701 #0 $aCatarina de Siena,$cSanta,$f1347-1380$4070$343632 702 #1 $aVerschueren,$bCornelis,$ffl. 1605-1620$4610$31753531 712 02 $aCompanhia de Jesus.$bCasa do Noviciado de Nossa Senhora da Assunção da Cotovia$c(Lisboa)$4390$31490165 801 #0 $aPT$bBN$gRPC 856 40 $2Cópia digital disponível em Google Books$uhttps://books.google.be/books?id=GR1MAAAAcAAJ&hl=pt-PT&pg=PA1#v=onepage&q&f=false 966 ## $lBN$mFGMON$sR. 1733 P. 971 ## $cpmesqui$d20260410 997 ## $aBIBEOD
|
|
|